00287nam a22000857a 4500008004100000040005500041245005100096260004000147310001400187230316b |||||||| |||| 00| 0 eng d aNational Science LibrarycNational Science Library aProceeding of the symposium on nuclear physics bDepartment of Atomic Energy, c1990 aQuarterly